000 00879nam a2200277 a 4500
001 000112176
003 CHAP
005 20220329144249.0
008 151215s2014 mx a |r| ||||||spa d
010 _a108637
011 _a109609
020 _a9786079343712
040 _cCHAP
082 0 4 _a371.3
_bI58
245 1 0 _aInnovación técnica rural :
_bciencia aplicada - experiencia sistematizada /
_cpor Dietmar Rössel Kipping ...[et al.].
260 _aSan Luis Potosí, S.L.P. :
_bUniversidad Autónoma de San Luis Potosí,
_c2014.
300 _a189 p. :
_bil.
590 _aE5995AHE
_b05
_c20151215
_lUCH01
_h1114
590 _aE5995AHE
_b05
_c20151215
_lUCH01
_h1151
590 _aE5995AHE
_b05
_c20151215
_lUCH01
_h1243
650 1 4 _aEducación
_xInnovaciones.
_935455
700 1 _aRossel Kipping, Erich Dietmar
_9100205
901 _aBK
942 _cLIBRO
942 _n0
999 _c108637
_d108637